[Event "15th Spice Cup 2021"]
[Site "Clayton"]
[Date "2021.10.21"]
[Round "7.2"]
[White "Nyzhnyk, Illya"]
[Black "Jacobson, Brandon"]
[Result "1-0"]
[WhiteElo "2670"]
[BlackElo "2492"]
[Annotator "TA"]
[PlyCount "101"]
[EventDate "2021.10.17"]
[EventType "swiss"]
[EventCountry "USA"]
[SourceTitle "playchess.com"]
[Source "ChessBase"]
[SourceQuality "1"]

{[%evp 12,101,12,5,9,0,0,0,0,0,0,0,0,-7,0,-37,-38,-32,12,34,35,38,34,39,26,27,83,114,109,93,99,88,108,116,127,83,84,93,84,80,86,86,256,256,256,256,238,256,285,266,266,266,266,267,267,266,264,267,369,356,494,347,1473,491,477,484,481,484,4837,4837,2102,2570,29978,29977,29977,29978,29978,29979,29979,29980,29980,29981,29976,29976,29984,29985,29985,29986,29986,29987,29989,29990]} 1. d4 Nf6 2. c4 e6 3. Nf3 d5 4. g3 Bb4+ 5. Bd2 a5 6. Bg2 O-O 7. O-O {7.Qc2 deserves study.} dxc4 {E11: Bogo-Indian.} 8. Qc2 Bxd2 9. Nbxd2 b5 $1 {The position is equal.} 10. a4 c6 11. b3 cxb3 12. Nxb3 Ba6 13. Nc5 b4 14. Rfd1 {[#]} Nfd7 $146 ({Predecessor:} 14... Nd5 15. Ne5 Qe7 16. e3 f6 17. Ned3 Bxd3 18. Nxd3 Nd7 19. Qxc6 Rfc8 20. Qb7 Rcb8 21. Qc6 Rc8 22. Qb7 Rcb8 {½-½ (22) Kourousis,E (2412)-Buhmann,R (2590) Schwaebisch Gmuend 2015}) 15. Ne5 Qc7 16. Ncxd7 ({Don't play} 16. Nxa6 Rxa6 17. Nd3 Rc8 $15) 16... Nxd7 17. Qxc6 Ra7 18. Rac1 Rc8 (18... Qd8 $1 $11) 19. Nxd7 $1 $16 Qxd7 20. Qb6 {Black must now prevent Rxc8+.} Bc4 21. d5 $1 {[%cal Rd5e6] Strongly threatening dxe6.} Rb7 ({Avoid the trap} 21... Bxe2 $2 22. Qxa7 $3 {[%mdl 512]} Qe8 23. Rxc8 $18) 22. Qxa5 {Hoping for dxe6.} exd5 23. Bxd5 Bxd5 24. Rxc8+ Qxc8 25. Rxd5 {[%mdl 4096] Endgame Threatening mate with Rd8+. KQR-KQR} Rb8 {next ...b3 is good for Black.} 26. Rc5 Qe8 {Loses the game.} (26... Qf8 $16) 27. Rb5 $40 {[%mdl 128] White attacks with force.} b3 {aiming for ...b2.} 28. Qb4 Rd8 29. Qc4 ({But not} 29. Qxb3 $6 Qxe2 30. Rb8 Qe1+ 31. Kg2 Qe4+ 32. f3 Qe2+ 33. Kh3 Qe8) 29... Rc8 30. Qxb3 Qxe2 {intending ...Rc1+.} 31. Qb1 h5 {[#]} 32. Rb8 $1 {[%cal Rb8c8]} Rxb8 33. Qxb8+ {KQ-KQ} Kh7 34. Qb1+ g6 35. h4 f5 36. Qc1 Qe4 (36... Qe5 37. Qc4 Qa5 38. Qf7+ Kh6) 37. Qc7+ (37. a5 $142 Qb7 38. Qe3) 37... Kg8 38. a5 f4 39. a6 Qe1+ (39... Qb1+ $142 40. Kh2 fxg3+ 41. Qxg3 Qb6) 40. Kg2 Qe4+ 41. Kh2 Qa4 42. Qc8+ {White mates.} Kg7 43. Qb7+ Kh6 44. a7 fxg3+ 45. Kg2 gxf2 46. a8=Q {[%cal Ra8h8]} f1=Q+ 47. Kxf1 {[%cal Ra8h8]} Qd1+ 48. Kf2 {[%cal Ra8h8]} Qd2+ 49. Kf3 {[%cal Ra8h8]} Qd3+ 50. Kf4 {[%cal Ra8h8]} Qd4+ 51. Qe4 {Weighted Error Value: White=0.15/Black=0.26} 1-0

[Event "15th Spice Cup 2021"]
[Site "Clayton"]
[Date "2021.10.21"]
[Round "7.3"]
[White "Nakada, Akira"]
[Black "Yoo, Christopher Woojin"]
[Result "0-1"]
[WhiteElo "2226"]
[BlackElo "2485"]
[Annotator "ChessBase"]
[PlyCount "76"]
[EventDate "2021.10.17"]
[EventType "swiss"]
[EventCountry "USA"]
[SourceTitle "playchess.com"]
[Source "ChessBase"]
[SourceQuality "1"]
[TimeControl "5400+30"]

1. c4 {[%emt 0:03:47]} e5 {[%emt 0:00:07]} 2. Nc3 {[%emt 0:00:05]} Bb4 {[%emt 0:00:06]} 3. Qc2 {[%emt 0:00:05]} Nf6 {[%emt 0:01:11]} 4. Nf3 {[%emt 0:00:12]} Nc6 {[%emt 0:06:53]} 5. e3 {[%emt 0:01:38]} O-O {[%emt 0:03:21]} 6. Nd5 {[%emt 0:00:20]} Be7 {[%emt 0:01:46]} 7. a3 {[%emt 0:00:31]} d6 {[%emt 0:05:43]} 8. Ng5 {[%emt 0:00:55]} g6 {[%emt 0:01:07]} 9. Nxe7+ {[%emt 0:00:06]} Qxe7 {[%emt 0:00:28]} 10. Bd3 {[%emt 0:06:35]} Nd7 {[%emt 0:08:52]} 11. Ne4 {[%emt 0:03:03]} f5 {[%emt 0:01:37]} 12. Nc3 {[%emt 0:00:49]} Nc5 {[%emt 0:06:39]} 13. Nd5 {[%emt 0:00:51]} Nxd3+ {[%emt 0:02:39]} 14. Qxd3 {[%emt 0:00:07]} Qf7 {[%emt 0:01:03]} 15. f4 {[%emt 0:15:43]} exf4 {[%emt 0:09:03]} 16. exf4 {[%emt 0:01:04]} Re8+ {[%emt 0:02:11]} 17. Kd1 {[%emt 0:00:06]} Be6 {[%emt 0:02:01]} 18. b3 {[%emt 0:03:12]} Bxd5 {[%emt 0:01:00]} 19. cxd5 {[%emt 0:00:40]} Ne7 {[%emt 0:00:21]} 20. Bb2 {[%emt 0:00:39]} Nxd5 {[%emt 0:00:28]} 21. Qd4 {[%emt 0:00:17]} Kf8 {[%emt 0:00:11]} 22. b4 {[%emt 0:11:10]} Re4 {[%emt 0:03:53]} 23. Qh8+ {[%emt 0:00:10]} Qg8 {[%emt 0:00:08]} 24. Qxg8+ {[%emt 0:00:09]} Kxg8 {[%emt 0:00:03]} 25. g3 {[%emt 0:00:08]} a5 {[%emt 0:05:15]} 26. b5 {[%emt 0:01:52]} a4 {[%emt 0:01:05]} 27. d3 {[%emt 0:00:07]} Re3 {[%emt 0:04:28]} 28. Kd2 {[%emt 0:00:07]} Rae8 {[%emt 0:00:06]} 29. Rhe1 {[%emt 0:00:06]} Rxe1 {[%emt 0:00:12]} 30. Rxe1 {[%emt 0:00:06]} Rxe1 {[%emt 0:00:11]} 31. Kxe1 {[%emt 0:00:04]} Kf7 {[%emt 0:00:28]} 32. Kd2 {[%emt 0:00:40]} Ke6 {[%emt 0:00:48]} 33. Bd4 {[%emt 0:00:08]} c6 {[%emt 0:03:21]} 34. bxc6 {[%emt 0:00:30]} bxc6 {[%emt 0:00:05]} 35. Bf2 {[%emt 0:01:15]} c5 {[%emt 0:00:45]} 36. Kc2 {[%emt 0:02:50]} Nc7 {[%emt 0:03:33]} 37. Be3 {[%emt 0:00:06]} Nb5 {[%emt 0:00:09]} 38. Bc1 {[%emt 0:00:05]} Kd5 {[%emt 0:01:46]} 0-1

[Event "15th Spice Cup 2021"]
[Site "Clayton"]
[Date "2021.10.21"]
[Round "7.4"]
[White "Cordova, Emilio"]
[Black "Bora, Safal"]
[Result "0-1"]
[WhiteElo "2534"]
[BlackElo "2432"]
[Annotator "TA"]
[PlyCount "86"]
[EventDate "2021.10.17"]
[EventType "swiss"]
[EventCountry "USA"]
[SourceTitle "playchess.com"]
[Source "ChessBase"]
[SourceQuality "1"]

{[%evp 11,86,28,29,31,38,29,24,31,24,22,20,31,35,18,31,-23,0,0,0,0,0,-2,0,0,0,0,0,-7,-24,-64,-17,-81,-77,-61,-71,-61,-60,-74,-39,-104,-85,-121,-106,-148,-25,-70,-47,-139,-131,-337,-337,-330,-334,-272,-179,-211,-188,-527,-525,-515,-519,-508,-474,-476,-435,-435,-435,-600,-600,-984,-869,-1314,-1308,-1639,-1658,-12849,-29937]} 1. d4 e6 2. Nf3 d5 3. c4 Nf6 4. g3 dxc4 5. Bg2 b5 6. a4 c6 7. Ne5 {E04: Open Catalan: 5 Nf3.} Bb4+ 8. Bd2 Bxd2+ (8... Qxd4 $2 9. Nxc6 Bxd2+ 10. Nxd2 $18) 9. Qxd2 {White has an edge.} Nd5 10. axb5 cxb5 11. Nc3 f6 12. Ng4 {White wants to play Ne3.} Bb7 {[#]} 13. Ne3 $146 (13. Nxb5 $14 Qd7 14. e4) ({Predecessor:} 13. Nxb5 Qd7 14. e4 Qxb5 15. exd5 Bxd5 16. Ra5 Qb7 17. Bxd5 exd5 18. Qe2+ Kf7 19. O-O {½-½ (31) Sos Andreu,E (2354)-Krysa,L (2516) Linares 2019}) 13... a6 14. Nexd5 exd5 15. Qe3+ Kf7 16. Qf3 Nc6 17. Qxd5+ Qxd5 18. Bxd5+ Ke7 19. e3 Rhb8 20. Be4 Nb4 {Threatens to win with ...Bxe4.} (20... f5 $5 {[%cal Rf5e4]} 21. Bxc6 Bxc6 $15) 21. d5 (21. Bxb7 $11 Rxb7 22. Ke2) 21... f5 $1 $36 {[%cal Rf5e4][%mdl 2048] Black has strong initiative.} 22. Bxf5 Nxd5 23. Nxd5+ Bxd5 24. e4 Bf7 25. Ra5 (25. O-O-O $15) 25... Rd8 26. Ke2 g6 27. Bg4 {[#]} Rd3 (27... Rd4 $1 $17 {[%cal Rd4e4]} 28. Rd1 Rxe4+ 29. Kf3 Re5) 28. Rha1 Rb3 {aiming for ...h5.} 29. R1a2 ({Better is} 29. Rxa6 $15 Rxb2+ 30. Ke3) 29... b4 {Strongly threatening ...h5.} 30. e5 $2 {This costs White the game.} (30. Rc5 $17 {is a better defense.}) 30... c3 $19 31. bxc3 Bc4+ (31... Rxc3 32. Rb2 $17) 32. Kd2 Rd8+ (32... Rxc3 33. Rc2 $15) (32... bxc3+ 33. Kc2 $17) 33. Kc1 h5 ({But not} 33... Rxc3+ 34. Rc2 $17) (33... bxc3 34. R2a3 $11) 34. Bd1 $2 (34. Bf3 {nothing else works.}) 34... Rxc3+ {[%mdl 64] Discovered Attack. Black is clearly winning.} 35. Rc2 {[#]} Rxd1+ $1 {[%mdl 512]} 36. Kxd1 {[%mdl 4096] Endgame Rxc3 is the strong threat. KRR-KRB} Bb3 {[%mdl 64] Pin} 37. Raa2 a5 {[%cal Ba6a5,Ba5a4,Ba4a3][%mdl 32]} ({Weaker is} 37... Bxc2+ 38. Rxc2 Rd3+ 39. Kc1 $15) 38. Rab2 a4 ({Less strong is} 38... Bxc2+ 39. Rxc2 Rd3+ 40. Kc1 $17) 39. Rxb3 Rxb3 40. Ra2 a3 41. Kc2 Rf3 {( -> ...b3+)} 42. Kb1 Ke6 43. Re2 b3 {Weighted Error Value: White=0.94/Black=0.11} 0-1

[Event "15th Spice Cup 2021"]
[Site "Clayton"]
[Date "2021.10.21"]
[Round "7.6"]
[White "Moradiabadi, Elshan"]
[Black "Proleiko, Julian"]
[Result "1-0"]
[WhiteElo "2553"]
[BlackElo "2180"]
[Annotator "ChessBase"]
[PlyCount "73"]
[EventDate "2021.10.17"]
[EventType "swiss"]
[EventCountry "USA"]
[SourceTitle "playchess.com"]
[Source "ChessBase"]
[SourceQuality "1"]
[TimeControl "5400+30"]

1. d4 {[%emt 0:05:11]} Nf6 {[%emt 0:00:06]} 2. Nf3 {[%emt 0:00:02]} d5 {[%emt 0:00:08]} 3. c4 {[%emt 0:00:18]} e6 {[%emt 0:00:06]} 4. Nc3 {[%emt 0:01:45]} Be7 {[%emt 0:00:07]} 5. Bf4 {[%emt 0:00:12]} O-O {[%emt 0:00:06]} 6. a3 {[%emt 0:00:09]} Nbd7 {[%emt 0:05:07]} 7. Nb5 {[%emt 0:00:46]} Ne8 {[%emt 0:00:32]} 8. e3 {[%emt 0:00:05]} dxc4 {[%emt 0:03:27]} 9. Bxc4 {[%emt 0:00:14]} Nd6 {[%emt 0:00:12]} 10. Rc1 {[%emt 0:04:03]} a6 {[%emt 0:01:45]} 11. Nxd6 {[%emt 0:00:04]} Bxd6 {[%emt 0:01:21]} 12. Bg5 {[%emt 0:00:34]} Be7 {[%emt 0:00:09]} 13. Bxe7 {[%emt 0:00:21]} Qxe7 {[%emt 0:00:01]} 14. Bd3 {[%emt 0:00:05]} c6 {[%emt 0:00:14]} 15. Qc2 {[%emt 0:11:39]} h6 {[%emt 0:00:59]} 16. O-O {[%emt 0:02:15]} Re8 {[%emt 0:02:28]} 17. Rfe1 {[%emt 0:03:57]} e5 {[%emt 0:00:29]} 18. Bh7+ {[%emt 0:00:28]} Kh8 {[%emt 0:00:29]} 19. Be4 {[%emt 0:00:04]} exd4 {[%emt 0:01:16]} 20. exd4 {[%emt 0:00:09]} Qf8 {[%emt 0:00:19]} 21. d5 {[%emt 0:09:49]} c5 {[%emt 0:00:50]} 22. Nd2 {[%emt 0:03:47]} b5 {[%emt 0:04:05]} 23. h3 {[%emt 0:11:34]} Qd6 {[%emt 0:02:03]} 24. Bf3 {[%emt 0:00:56]} Rxe1+ {[%emt 0:00:24]} 25. Rxe1 {[%emt 0:00:01]} Nf6 {[%emt 0:00:13]} 26. Ne4 {[%emt 0:00:47]} Nxe4 {[%emt 0:01:52]} 27. Qxe4 {[%emt 0:00:10]} Bd7 {[%emt 0:01:34]} 28. Qe7 {[%emt 0:00:02]} Qxe7 {[%emt 0:00:11]} 29. Rxe7 {[%emt 0:00:03]} Be8 {[%emt 0:00:07]} 30. Rc7 {[%emt 0:01:51]} c4 {[%emt 0:00:06]} 31. Kf1 {[%emt 0:00:01]} Kg8 {[%emt 0:00:24]} 32. Ke2 {[%emt 0:00:02]} Rd8 {[%emt 0:01:26]} 33. Ke3 {[%emt 0:00:11]} Rd7 {[%emt 0:02:20]} 34. Rc8 {[%emt 0:05:53]} Kf8 {[%emt 0:01:12]} 35. Kd4 {[%emt 0:00:03]} Ke7 {[%emt 0:02:00]} 36. Kc5 {[%emt 0:00:07]} f5 {[%emt 0:01:23]} 37. d6+ {[%emt 0:00:12]} 1-0

[Event "15th Spice Cup 2021"]
[Site "Clayton"]
[Date "2021.10.22"]
[Round "8.1"]
[White "Martinez Alcantara, Jose Eduardo"]
[Black "Nyzhnyk, Illya"]
[Result "1/2-1/2"]
[WhiteElo "2620"]
[BlackElo "2670"]
[Annotator "TA"]
[PlyCount "100"]
[EventDate "2021.10.17"]
[EventType "swiss"]
[EventCountry "USA"]
[SourceTitle "playchess.com"]
[Source "ChessBase"]
[SourceQuality "1"]

{[%evp 21,100,13,16,10,18,18,17,9,26,17,9,0,0,0,0,0,0,-5,-8,-6,-2,-9,0,0,0,0,0,0,8,0,4,0,0,0,7,7,8,6,8,0,8,0,0,0,0,4,34,0,0,0,0,0,0,0,0,0,0,0,0,0,0,0,0,0,0,0,0,0,0,0,0,0,0,0,0,0,0,0,0,0,0]} 1. e4 e5 2. Nf3 Nf6 3. Nxe5 d6 4. Nf3 Nxe4 5. d4 d5 6. Bd3 Bd6 7. O-O O-O 8. c4 c6 9. Nc3 Nxc3 10. bxc3 dxc4 11. Bxc4 Bf5 12. Re1 {C42: Petroff Defence: 3 Nxe5 and unusual White 3rd moves.} Nd7 13. Bg5 Qa5 14. Nh4 {Be7 is the strong threat.} Rae8 {[#]} 15. Rxe8 $146 ({Predecessor:} 15. Nxf5 Rxe1+ 16. Qxe1 Qxf5 17. Bh4 Qh5 18. Bg3 Bxg3 19. hxg3 Nf6 20. Be2 Qa5 21. Bf3 {0-1 (58) Swiercz,D (2655)-Dominguez Perez,L (2758) Saint Louis 2021}) 15... Rxe8 16. Qb3 Be6 17. Bxe6 Rxe6 18. Nf3 h6 19. Bd2 Qa6 20. c4 c5 21. Be3 cxd4 22. Nxd4 Be5 23. Nxe6 Bxa1 24. Nf4 Nf6 (24... Be5 {is more complex.} 25. Nd3 Qd6 26. Nxe5 Qxe5 27. g3 b6) 25. h3 Be5 26. Nd5 Nxd5 27. cxd5 b6 28. g3 Bd6 29. Qc2 Qb7 30. Qc4 Qc7 31. Qa4 Kf8 32. Kg2 Qb7 33. Qc4 a6 34. Bd4 f6 $1 {The position is equal.} 35. Be3 b5 36. Qe4 Qd7 37. Bd2 Kf7 38. g4 b4 39. Kf3 a5 40. Qc4 h5 41. Ke2 hxg4 42. hxg4 f5 43. gxf5 Qxf5 44. Qc6 Qg4+ 45. Kd3 Ke7 (45... Qf3+ {with more complications.} 46. Kc2 Qe4+ 47. Kb3 Qb1+ 48. Kc4 Qxa2+ 49. Kb5 Qxd2 50. Qxd6 b3) 46. Be3 Qd1+ 47. Ke4 {Black must now prevent Qb7+.} Qb1+ {[%mdl 64] [#] Double Attack} 48. Kf3 Qd1+ 49. Ke4 Qb1+ {[%mdl 64] Double Attack} 50. Kf3 {aiming for Bg5+.} Qd1+ {An uneventful encounter.  Weighted Error Value: White=0.02/Black=0.02} 1/2-1/2

[Event "15th Spice Cup 2021"]
[Site "Clayton"]
[Date "2021.10.22"]
[Round "8.2"]
[White "Quesada Perez, Yuniesky"]
[Black "Williams, Justus"]
[Result "0-1"]
[WhiteElo "2593"]
[BlackElo "2420"]
[Annotator "TA"]
[PlyCount "90"]
[EventDate "2021.10.17"]
[EventType "swiss"]
[EventCountry "USA"]
[SourceTitle "playchess.com"]
[Source "ChessBase"]
[SourceQuality "1"]

{[%evp 9,90,19,25,18,25,16,33,20,32,25,23,17,24,19,18,13,21,27,36,0,13,0,0,1,23,0,0,-2,0,-18,0,-15,0,-49,59,-9,-14,-23,-9,-8,0,-30,0,-51,-23,-40,-21,-23,-24,-158,-145,-143,-157,-150,-152,-152,-154,-152,-147,-258,-257,-237,-253,-220,-236,-205,-191,-404,-385,-392,-380,-621,-584,-1214,-1140,-832,-460,-799,-798,-790,-790,-790,-775]} 1. e4 e5 2. Nf3 Nc6 3. Bc4 Bc5 4. c3 Nf6 5. d3 O-O 6. a4 {C54: Giuoco Piano: 4 c3 Nf6, main lines with 5 d4 and 5 d3.} a5 7. Bg5 h6 8. Bh4 {White is slightly better.} Be7 9. Nbd2 d6 10. Nf1 Be6 {[#]} 11. Bxf6 $146 ({Predecessor:} 11. Bxe6 fxe6 12. Ne3 d5 13. Bxf6 Bxf6 14. Qb3 Qd6 15. exd5 Ne7 16. dxe6 Qxd3 17. Rd1 {1-0 (31) Real de Azua,E (2440)-Havanecz,B (2257) Chess.com INT 2021}) 11... Bxf6 ({Don't play} 11... gxf6 $6 12. Ne3 $16) 12. Ne3 Qd7 13. Qb3 Rab8 14. h4 Ne7 15. g3 c6 16. Bxe6 fxe6 17. Nc4 Ng6 18. Ncd2 ({Reject} 18. Nxa5 Bd8 $17) 18... Rf7 19. Kf1 Rbf8 20. Kg2 Bd8 21. Raf1 Qe8 ({Black should play} 21... b5 $15) 22. Rh3 (22. h5 $14 Nh8 23. d4) 22... b5 $11 23. h5 Nh8 24. d4 Bb6 25. Qc2 Rf6 26. Qd3 (26. dxe5 $11 dxe5 27. c4) 26... Nf7 27. Rh2 Ng5 28. Nxg5 hxg5 29. Kg1 {Black converts the advantage convincingly.} (29. f3 $11 {keeps the balance.}) 29... exd4 $17 (29... bxa4 30. dxe5 dxe5 31. Nc4 $11) 30. cxd4 e5 $1 31. d5 bxa4 32. Qa6 Qb8 33. dxc6 Bc5 34. Qxa5 (34. Rg2 $17) 34... Qxb2 $19 35. c7 {[#]} Qc2 $1 36. Qa6 {[#]} Bd4 $1 37. Kh1 a3 {Hoping for ...a2.} ({Not} 37... Qxd2 $2 38. c8=Q $18) 38. f3 $2 (38. f4 {keeps fighting.}) 38... a2 39. h6 gxh6 40. Nb3 $2 (40. Rg2 g4 41. Kh2) 40... Qxb3 {Black is clearly winning.} 41. c8=Q Rxc8 42. Qxc8+ Rf8 43. Qg4 (43. Qa6 $142 a1=Q 44. Rxa1 Qxf3+ 45. Rg2 Bxa1 46. Qxa1) 43... a1=Q 44. Rxa1 Bxa1 45. Rxh6 Qxf3+ {Weighted Error Value: White=0.51/Black=0.17} 0-1

[Event "15th Spice Cup 2021"]
[Site "Clayton"]
[Date "2021.10.22"]
[Round "8.3"]
[White "Yoo, Christopher Woojin"]
[Black "Gledura, Benjamin"]
[Result "1/2-1/2"]
[WhiteElo "2485"]
[BlackElo "2628"]
[Annotator "TA"]
[PlyCount "52"]
[EventDate "2021.10.17"]
[EventType "swiss"]
[EventCountry "USA"]
[SourceTitle "playchess.com"]
[Source "ChessBase"]
[SourceQuality "1"]

{[%evp 9,52,0,0,-10,0,-8,0,0,0,-3,0,1,21,-9,-9,-7,-9,-8,-5,-9,-3,-12,0,0,0,0,0,0,0,0,0,0,0,0,0,0,0,0,8,8,7,6,7,0,0]} 1. d4 Nf6 2. c4 g6 3. Nc3 {[%cal Bb1c3,Bc3a4,Ba4c5][%mdl 32]} d5 4. h4 c5 5. cxd5 Nxd5 {The position is equal.} 6. Na4 {[#] D80: Grünfeld: Unusual White 4th moves and 4 Bg5.} Nf6 $146 ({Predecessor:} 6... Nc6 7. e4 Nb6 8. d5 Ne5 9. h5 Nxa4 10. Qxa4+ Bd7 11. Qa3 Qb6 12. Qc3 Qb4 13. Qxb4 cxb4 {1-0 (37) Carlsen,M (2847)-Vachier Lagrave,M (2751) Chess24.com INT 2021}) 7. Nxc5 e5 8. e3 Nc6 9. Nf3 exd4 10. exd4 Nxd4 11. Qxd4 (11. Qa4+ {looks sharper.} Nc6 12. Be3 Bg7 13. Bb5 O-O 14. Bxc6 bxc6 15. O-O) 11... Qxd4 12. Bb5+ Bd7 13. Bxd7+ Nxd7 14. Nxd4 {[#] Hoping for Nxd7.} Bxc5 15. Be3 Nf6 16. Nc2 Rc8 17. O-O O-O 18. Rac1 Ng4 19. Bxc5 Rxc5 20. Ne3 Rxc1 21. Rxc1 Nxe3 22. fxe3 $11 {KR-KR} f6 23. Kf2 Rf7 24. g4 Rd7 25. Kf3 Kf7 26. Rc4 Ke6 {An uneventful encounter.  Weighted Error Value: White=0.02/Black=0.03} 1/2-1/2

[Event "15th Spice Cup 2021"]
[Site "Clayton"]
[Date "2021.10.22"]
[Round "8.4"]
[White "Bora, Safal"]
[Black "Moradiabadi, Elshan"]
[Result "1/2-1/2"]
[WhiteElo "2432"]
[BlackElo "2553"]
[Annotator "TA"]
[PlyCount "75"]
[EventDate "2021.10.17"]
[EventType "swiss"]
[EventCountry "USA"]
[SourceTitle "playchess.com"]
[Source "ChessBase"]
[SourceQuality "1"]

{[%evp 9,75,-2,20,22,13,11,21,27,28,14,30,0,17,16,23,34,37,-15,-11,-12,50,45,32,28,29,7,12,0,0,0,0,0,19,19,25,22,25,17,27,0,2,0,0,0,0,0,0,0,0,0,8,0,0,0,0,0,0,0,0,0,0,0,0,0,0,0,0,-6]} 1. Nf3 d5 2. g3 c6 3. Bg2 Bg4 4. O-O Nd7 5. h3 Bh5 (5... Bxf3 $5 6. Bxf3 Ngf6 $11) 6. d4 {A07: Réti Opening: New York and Capablanca Systems.} e6 7. c4 Ngf6 8. cxd5 exd5 9. Ne5 Nxe5 10. dxe5 Nd7 11. Nc3 Bc5 12. Na4 Be7 {[#]} 13. g4 $146 (13. f4 $14) ({Predecessor:} 13. f4 f5 14. Be3 O-O 15. Nc3 Bf7 16. b3 Nc5 17. g4 Be6 18. Rc1 Rc8 19. b4 {0-1 (61) Svane,R (2613)-Tin,J (2487) Chess.com INT 2021}) 13... Bg6 $11 14. f4 $1 {[%cal Rf4f5] next f5 is good for White.} f5 (14... h5 $11 15. g5 (15. f5 Bh7 $15) 15... Bf5) 15. Be3 $14 b5 16. Nc3 {a4 is the strong threat.} Nb6 17. Bd4 O-O 18. gxf5 Bxf5 19. e4 dxe4 20. Nxe4 Nd5 21. Ng3 Qd7 22. Nxf5 Qxf5 23. Bxd5+ cxd5 24. Qg4 (24. Qf3 {is interesting.} Rac8 25. Rad1 Rc2 26. Qxd5+ Rf7 27. Qf3) 24... Rac8 {The position is equal.} 25. Qxf5 (25. Qf3 {keeps more tension.} Rc2 26. Rad1 Rf7 27. Rf2 Rxf2 28. Bxf2 Qxf4 29. Qxf4 Rxf4 30. Rxd5 a6 31. Bc5) 25... Rxf5 26. Bxa7 g5 27. Rad1 Ra8 28. Be3 gxf4 29. Rxf4 Rxe5 30. Bd4 Rg5+ 31. Kf1 Bd6 ({Avoid the trap} 31... Rxa2 $2 32. Re1 $18) 32. Rf6 Rf8 33. Rxf8+ Kxf8 34. Rd3 Ke7 35. Rb3 b4 36. a3 Rf5+ 37. Ke2 Rf4 38. Re3+ {Weighted Error Value: White=0.06/Black=0.07} 1/2-1/2

[Event "15th Spice Cup 2021"]
[Site "Clayton"]
[Date "2021.10.22"]
[Round "8.5"]
[White "Jacobson, Brandon"]
[Black "Nakada, Akira"]
[Result "1-0"]
[WhiteElo "2492"]
[BlackElo "2226"]
[Annotator "TA"]
[PlyCount "81"]
[EventDate "2021.10.17"]
[EventType "swiss"]
[EventCountry "USA"]
[SourceTitle "playchess.com"]
[Source "ChessBase"]
[SourceQuality "1"]

{[%evp 10,81,18,27,35,25,16,27,11,20,25,20,19,10,30,10,27,0,6,-26,-28,-27,43,65,47,48,109,109,109,109,110,110,107,88,92,92,88,93,79,79,145,130,157,150,156,157,202,195,192,192,6095,5683,6717,6279,5840,5804,4906,4870,4798,4823,2220,1195,1794,1540,1891,1936,2141,912,29986,29983,29982,29983,29983,29984]} 1. e4 c6 2. Nf3 d5 3. Nc3 dxe4 4. Nxe4 Nf6 5. Qe2 Nxe4 6. Qxe4 Nd7 {B11: Caro-Kann: Two Knights Variation.} 7. Bc4 {And now Ng5! would win.} Nf6 {[#]} 8. Ne5 $1 {[%csl Ge5][%cal Rc4f7]} e6 {White has an edge.} 9. Qe2 b5 10. Bb3 (10. Nxc6 Qc7 $15) 10... Qc7 11. O-O Bd6 12. d4 O-O 13. Bf4 a5 {aiming for ...a4.} 14. c4 {[#]} a4 $146 {[%cal Ra4b3]} ({Predecessor:} 14... bxc4 15. Bxc4 Nd5 16. Bg3 Bb7 17. Rac1 Qe7 18. Qh5 Bxe5 19. Bxe5 Ba6 20. b3 Rfd8 {1-0 (50) Quesada Perez,Y (2565)-Krysa,L (2527) Krasnaya Polyana 2021}) 15. c5 $1 {[%cal Rc5d6] [#]} axb3 ({Black should play} 15... Bxc5 $1 $11 16. dxc5 axb3 17. axb3 Rxa1 18. Rxa1 Nd5) 16. cxd6 $14 Qxd6 {[#]} 17. Ng6 $1 $36 {[%mdl 2048] Black is under pressure.} Qd8 (17... Qxd4 $14 18. Rad1 Qb6 19. Nxf8 bxa2) 18. Nxf8 $16 bxa2 {[#]} 19. Nxh7 Kxh7 20. b3 Qxd4 21. Be3 Qe5 22. Rxa2 Rxa2 23. Qxa2 Ng4 {[%csl Gg4][%cal Re5h2]} 24. g3 Qh5 (24... Nxe3 $142 25. Re1 {[%mdl 64] Pin} (25. fxe3 Qxe3+ 26. Qf2 Qxb3 $11) 25... Qd5 26. Rxe3 (26. fxe3 e5 $14) 26... Qd1+ 27. Kg2 c5) 25. Qc2+ Kg8 {[%csl Gg4][%cal Rh5h2]} 26. h4 Nxe3 27. fxe3 {[%mdl 4096] Endgame KQR-KQB} Qg4 28. Qf2 ({And not} 28. Qxc6 Qxg3+ 29. Qg2 Qxh4 $11) 28... f6 29. Qf3 Qh3 (29... Qxf3 30. Rxf3 e5) 30. Rd1 $18 {White wants to mate with Rd8+.} e5 31. Rd8+ Kf7 32. Qh5+ g6 33. Qh7+ Ke6 34. Qxg6 Bd7 35. Rf8 Kd5 36. Rxf6 Kc5 37. Qg5 Kd5 38. Rf2 (38. e4+ $142 Kxe4 39. Rf1) 38... Bg4 39. Rd2+ {White mates.} Ke6 40. Qg6+ Ke7 41. Qd6+ {Weighted Error Value: White=0.07/Black=0.42} 1-0